000 00638nam a2200205Ia 4500
003 GCL
008 140319s9999 xx 000 0 ara d
040 _aGCL /
_cGCL
082 0 4 _a811.009
_bط ه
100 1 _aطاهر ابوفاشا
245 1 0 _aهز القحوف فى شرح قصيدة آبى شادوف /
_cطاهر ابوفاشا
260 _a[S.N] :
_bالهيئة المصرية العامة للكتاب ،
_c1987
300 _a140 ص
490 _a
650 0 4 _aالشعر العربى
650 0 4 _aالادب العربى
650 0 4 _aدواوين وقصائد
650 0 4 _aتاريخ ونقد
942 _2ddc
_cBK
999 _c27951
_d27951